<?xml version="1.0" encoding="UTF-8"?>
<record
    xmlns:xsi="http://www.w3.org/2001/XMLSchema-instance"
    xsi:schemaLocation="http://www.loc.gov/MARC21/slim http://www.loc.gov/standards/marcxml/schema/MARC21slim.xsd"
    xmlns="http://www.loc.gov/MARC21/slim">

  <leader>01301nam a2200229 a 4500</leader>
  <controlfield tag="001">BRCA_8805</controlfield>
  <controlfield tag="005">20190320210423.0</controlfield>
  <controlfield tag="008">210417s1681----sp-#######---#000-0#spa-#</controlfield>
  <datafield tag="041" ind1=" " ind2=" ">
    <subfield code="a">spa</subfield>
  </datafield>
  <datafield tag="044" ind1=" " ind2=" ">
    <subfield code="a">sp</subfield>
  </datafield>
  <datafield tag="084" ind1=" " ind2=" ">
    <subfield code="a">BE186</subfield>
    <subfield code="b">.G37 1681</subfield>
  </datafield>
  <datafield tag="100" ind1="1" ind2=" ">
    <subfield code="a">Garau, Francisco (S.I.)</subfield>
    <subfield code="9">21944</subfield>
  </datafield>
  <datafield tag="245" ind1="1" ind2="0">
    <subfield code="a">El olimpo del sabio instrvido de la naturaleza y segunda parte de las m&#xE1;ximas pol&#xED;ticas, y morales ilustradas con todo genero de erudici&#xF3;n sacra, y humana</subfield>
    <subfield code="c">por el R.P. Francisco Garau de la compa&#xF1;&#xED;a de Jes&#xFA;s, catedr&#xE1;tico de Prima de Teolog&#xED;a Escolatica en el Colegio de Barcelona; al ilustrissimo, y reverendissimo S.D. Fr. Alonso de Sotomayor, por la gracia de Dios y de la Santa Sede Apostolica Arzobispo Obispo de Barcelona Del Consejo de su Magestad, &amp;c; va a la fin un Indice de Materiales predicables.</subfield>
  </datafield>
  <datafield tag="260" ind1=" " ind2=" ">
    <subfield code="a">Barcelona</subfield>
    <subfield code="b">En la Imprenta de Antonio Ferrer, y Balthasar Ferrer, Libreros, Vendese en sus casas en la libreria</subfield>
    <subfield code="c">1681</subfield>
  </datafield>
  <datafield tag="300" ind1=" " ind2=" ">
    <subfield code="a">[20], 512 p.</subfield>
    <subfield code="c">19.2 x 15 cm.</subfield>
  </datafield>
  <datafield tag="500" ind1=" " ind2=" ">
    <subfield code="a">Estado f&#xED;sico: presenta encuadernaci&#xF3;n enpergamino, con cintas rotas y lomo desprendido</subfield>
  </datafield>
  <datafield tag="650" ind1="1" ind2="4">
    <subfield code="a">Cosmolog&#xED;a</subfield>
    <subfield code="v">Tratados, manueales, etc.</subfield>
    <subfield code="9">21945</subfield>
  </datafield>
  <datafield tag="700" ind1="1" ind2=" ">
    <subfield code="a">Sotomayor, Alonso de</subfield>
    <subfield code="9">21946</subfield>
  </datafield>
  <datafield tag="700" ind1="1" ind2=" ">
    <subfield code="a">Ferrer y Balthasar, Antonio</subfield>
    <subfield code="e">Impresor</subfield>
    <subfield code="9">21947</subfield>
  </datafield>
  <datafield tag="902" ind1=" " ind2=" ">
    <subfield code="a">CFM</subfield>
  </datafield>
  <datafield tag="942" ind1=" " ind2=" ">
    <subfield code="2">lcc</subfield>
    <subfield code="c">B</subfield>
  </datafield>
  <datafield tag="999" ind1=" " ind2=" ">
    <subfield code="c">8456</subfield>
    <subfield code="d">8456</subfield>
  </datafield>
  <datafield tag="952" ind1=" " ind2=" ">
    <subfield code="0">0</subfield>
    <subfield code="1">0</subfield>
    <subfield code="4">0</subfield>
    <subfield code="7">0</subfield>
    <subfield code="a">BRCA</subfield>
    <subfield code="b">BRCA</subfield>
    <subfield code="d">2017-04-21</subfield>
    <subfield code="l">0</subfield>
    <subfield code="o">BE186 .G37 1681</subfield>
    <subfield code="p">CFM00132</subfield>
    <subfield code="r">2019-03-22 00:00:00</subfield>
    <subfield code="w">2019-03-22</subfield>
    <subfield code="y">B</subfield>
  </datafield>
</record>
